MDQL
is popping MORE tags! Check the
thread
!
Quizzes
Events
Quiz Creation
Community
Videos
Private Events
Remove Ads
Sign In
Join for FREE
Feedback
Dark Mode
Quiz Categories
Sports
Geography
Music
Movies
Television
Just For Fun
Miscellaneous
History
Literature
Language
Science
Gaming
Entertainment
Religion
Holiday
For Kids
Quiz Lab
Recent
Popular Today
Quiz Kudos Today
Editor Picks
Curator Picks
Quizzes by...
Day
Popularity
Type
Ratings
Length
Year
Community
Subscriptions
Recent Discussions
Orange Saloon
Badges
Playlists
Quests
Create
Leaderboards
Showdown
Live 5
Trivia Bingo
Activity
Puzzle Library
Sporcle Events
Private Events
Virtual Trivia
Globe League
Become a Host
Pub Owners
SporcleCon
Opinionation
Our Games
Videos
Blog
Mobile Apps
Partnerships
Remove Ads and Go Orange
Feedback
Entertainment
Celebrity
Famous
Musical
Broadway
Show
Quote
Comic Books
Anime
Superhero
DC Comics
Marvel
Cartoons
Animation
Entertainment
Celebrity
Famous
Musical
Broadway
Show
Quote
Comic Books
Anime
Superhero
DC Comics
Marvel
Cartoons
Animation
Random Quiz
Search Sporcle
×
Quiz Lab
Quiz Lab
Entertainment
Biography
Type in answers that appear in a list
Type in answers that appear in a list
Classic
Best Score? Go Orange.
Twitter Users by Bio Stats
Can you name the Twitter Users by Bio Information?
By
Anderson
10m
20 Questions
119 Plays
119 Plays
119 Plays
Comments
Comments
Give Quiz Kudos
Give Quiz Kudos
-
- Ratings
hide this ad
Replay
Link that replays current quiz
Next Quiz
Link to next quiz in quiz playlist
You Got
0%
They Got
Avg Score
31%
Avg Friend Score
Upgrade to see
Score Distribution
Jump to the score distribution portion of the page
Score
0/20
Timer
10:00
0
Plays Today
Bio
Person
% Correct
44th President of the United States
Barack Obama
89.9%
i kissed a girl AND diddled her skittle.
Katy Perry
82.4%
7-
time Tour de France winner, full time cancer fighter -
LIVESTRONG!
Lance Armstrong
80.7%
Former Governor of Alaska and GOP Vice Presidential Nominee
Sarah Palin
72.3%
professional skateboarder, dad, videogame character, ceo, kid chauffeur, global hopscotcher, Huckjammer, & public skatepark defender. I try to read all replies.
Tony Hawk
60.5%
mother monsTer
Lady Gaga
59.7%
Member of Limp Bizkit
Fred Durst
36.1%
You know... the Eat It guy.
Al Yankovic
30.3%
I make stuff, actually I make up stuff, stories mostly, collaborations of thoughts, dreams, and actions. Thats me.
Ashton Kutcher
26.1%
Live Your Best Life
Oprah Winfrey
20.2%
Bio
Person
% Correct
Former House Speaker, author,Fox analyst,founder HealthTransformation.net, @AmSol. With enough time I'd be a paleontologist,chef,zoo director and movie reviewer
Newt Gingrich
16.8%
British Actor, Writer, Lord of Dance, Prince of Swimwear & Blogger
Stephen Fry
9.2%
Citizen of the World Dahhhling!
Mariah Carey
7.6%
It begins with me covered in sperm, trapped in my old man's balls. Then, suddenly... ESCAPE!
Kevin Smith
7.6%
I act some. Dig variety acts, Pixar, puppets, theme parks and great meals.
Neil Patrick Harris
6.7%
I'm just this guy, you know?
Wil Wheaton
5.9%
I'm a British European, I think like an American and I was born in an Arabic country
Eddie Izzard
4.2%
Former shoe salesman now making a go at film and theater. Wish me luck...
Kevin Spacey
3.4%
will eventually grow up and get a real job. Until then, will keep making things up and writing them down.
Neil Gaiman
3.4%
Bringing you the latest updates on what's going on in Kyrgyzstan
Kyrgyzstannews
2.5%
Quiz Playlist
Details
Report
Send in Message
Add To Playlist
Classic:
Type in answers that appear in a list
Last Updated: Feb 16, 2017
Quiz Scoreboard
CHALLENGE
Sign Up to Join the Scoreboard
Show All
Scores
Hide
Comments
May contain spoilers
Recently Published
Two Season TV Shows II
by 123Four
Television
10m
Image Sorting: Flags VI
by Barbecue
Geography
2m
Find the 'City' Movie
by crazypaving
Movies
60s
More to Explore
Quiz From the Vault
Featured Blog Post
14 Easter Pick-up Lines to Find Eggs With
hide this ad
You Might Also Like...
Tags
Biography Quiz
Follower
Person
Twitter
User
Today's Top Quizzes in Entertainment
Browse Entertainment
hide this ad
Today's Top Quizzes in Biography
Browse Biography
Top Contributed Quizzes in Entertainment
1
Marvel Classic Character Map
2
Dragon Ball Z: Goku's Fights in Order
3
Marvel Characters Bunker
4
Movie-Themed Roller Coasters
5
JoJo's Bizarre Logic Quiz
6
Harry Styles-Are you no.1 fan
7
Sorting Pictures: Villains
8
This is Your Life: Edward Elric
9
This is Your Life: Itachi Uchiha
10
Celebrity Spelling Bee
Explore More
Trending Topics
Crossword
Harry Potter
Anime
Disney
Marvel
NBA
Kpop
Song
WWE
Country
The Office
Pokémon
NFL
Puzzle
Soccer
hide this ad
More By:
Anderson
Quiz
Plays
Rating
Category
Featured
Created
Presidents By Dirty Name (HIMYM)
4,422
4.37
Television
Jun 13, 2010
Beavis and Butt-head Reviews
533
4.25
Television
Oct 30, 2010
Punk Guess Who
155
2.50
Music
Jan 13, 2010
Twitter Users by Bio
119
4.00
Entertainment
Jan 1, 2011
Our Band Could Be Your Life
18
1.00
Music
Feb 8, 2010
Go to Creator's Profile
Score Distribution
Quiz Creator Spotlight
Anderson
Follow
Send a Message
Quizzes Created
-
Created Quiz Play Count
-
More By This Creator
Popular Quizzes Today
1
Colored Red Africa Blitz
2
Find the US States - No Outlines Minefield
3
Find the 'City' Movie
4
5x2 Blitz: Bands
5
The Countries of the World
6
Find the US States
7
Find the Countries of Europe - No Outlines Minefield
8
US States
More Entertainment Quizzes
Where is Trump?
Quiz Lab
Trending Quizzes
Colored Red Europe Blitz I
Colored Red Africa Blitz II
Colored Red Europe Blitz II
Colored Red Africa Blitz III
Colored Red Europe Blitz III
Recently Updated
How Do You Spell That?
pecheneg
Godzilla Movies
pecheneg
Grab Bag: 4-10 Letters
pecheneg
2024 March Madness Bracket
pecheneg
Famous TV Couples
Peacemaker
Champions League XIs: Real Madrid
pecheneg
Largest US Cities 1790-2010
pecheneg
Rides in Walt Disney World
pecheneg
Most Oscar Losses (Acting)
pecheneg
Beyoncé Albums
pecheneg
Trending Topics
Disney
Crossword
NBA
Marvel
Anime
Harry Potter
Kpop
Country
Pokémon
Soccer
Song
NFL
WWE
The Office
Puzzle
Your Account Isn't Verified!
In order to create a playlist on Sporcle, you need to verify the email address you used during registration. Go to your
Sporcle Settings
to finish the process.
Report this User
Report this user for behavior that violates our
Community Guidelines
.
Details:
Send Report
Go to the Sporcle.com Mobile Site →
Comments